|
|
|
|
| LEADER |
00707nab a2200205 i 4500 |
| 001 |
publ24034 |
| 005 |
20220411120542.0 |
| 008 |
220411s2017 hu o 0|| Magyar d |
| 022 |
|
|
|a 0030-6002
|
| 024 |
7 |
|
|a 10.1556/650.2017.30866
|2 doi
|
| 024 |
7 |
|
|a 3348335
|2 mtmt
|
| 040 |
|
|
|a SZTE Publicatio Repozitórium
|b hun
|
| 041 |
|
|
|a Magyar
|
| 100 |
1 |
|
|a Borbényi Zita
|
| 245 |
1 |
0 |
|a Új terápiás lehetőségek a lymphoproliferativ kórképekben. Szerkesztői kommentár
|h [elektronikus dokumentum] /
|c Borbényi Zita
|
| 260 |
|
|
|c 2017
|
| 300 |
|
|
|a 1603-1603
|
| 490 |
0 |
|
|a ORVOSI HETILAP
|v 158 No. 41
|
| 650 |
|
4 |
|a Klinikai orvostan
|
| 856 |
4 |
0 |
|u http://publicatio.bibl.u-szeged.hu/24034/1/Borbenyi.pdf
|z Dokumentum-elérés
|